000 00939cam a2200277 a 4500
999 _c13895
_d13895
001 2436684
003 ARRUPE
005 20170927122002.0
008 880404s1988 enk b 001 0 eng
010 _a 88012201
020 _a0415009022
020 _a0415009030 (pbk.)
040 _aDLC
_cDLC
_dDLC
050 0 0 _aGN308
_b.K87 1988
082 0 0 _a306/.09
_219
100 1 _aKuper, Adam.
_93464
245 1 4 _aThe invention of primitive society :
_btransformations of an illusion /
_cAdam Kuper.
260 _aLondon ;
_aNew York :
_bRoutledge,
_c1988.
300 _a264 p. ;
_c23 cm.
500 _aIncludes index.
504 _aBibliography: p. [245]-261.
650 0 _aEthnology
_xHistory.
_936186
650 0 _aPrimitive societies.
_917090
856 4 2 _3Publisher description
_uhttp://www.loc.gov/catdir/enhancements/fy0648/88012201-d.html
906 _a7
_bcbc
_corignew
_d1
_eocip
_f19
_gy-gencatlg
942 _2lcc
_cMONOGRAPH